Vive les verbes français! (Бичлэгийн дугаар. 145013)
| 000 -УДИРДЛАГА | |
|---|---|
| Удирдлага | 01655nam a22003617a 4500 |
| 003 - ХЯНАЛТЫН ТОО ТОДОРХОЙЛОГЧ | |
| Код | MN-UlNUM |
| 005 - БИЧИЛТ ХИЙСЭН ОГНОО | |
| Тухайн бичилтийг бичсэн засварласан сүүлийн огноо | 20260319140105.0 |
| 008 - ЕРӨНХИЙ МЭДЭЭЛЭЛ | |
| Ерөнхий мэдээлэл | 251027s2007 nyu 001 0 eng d |
| 020 ## - ISBN | |
| ISBN | 0071478752 |
| -- | 0071478755 |
| 040 ## - БИЧЛЭГ ҮҮСГЭГЧ БАЙГУУЛЛАГА | |
| Бичлэг үүсгэгч номын сангийн код | МУИС-ийн номын сан |
| 084 ## - ББК АНГИЛАЛ | |
| Нэмэлт тусгалт | Нэг сэдэвт бүтээл |
| ББК ангилал | 81.2 |
| Зохиогчийн гурван тэмдэгт | L 87 |
| Мэдлэгийн ялгаа | 81 - Хэл шинжлэл |
| 100 ## - ЗОХИОГЧ | |
| Зохиогчийн нэр | Long, Dennis |
| 245 ## - ҮНДСЭН ГАРЧИГ | |
| Номын нэр | Vive les verbes français! |
| Бага гарчгийн мэдээ | 6,000 verbs to add savoir-flair to your French |
| 260 ## - ГАРАЛТЫН МЭДЭЭ | |
| Хэвлэгдсэн газар | New York |
| Хэвлэлийн газар | McGraw-Hill |
| Хэвлэгдсэн он | 2007 |
| 300 ## - МАТЕРИАЛЫН ТОДОРХОЙЛОЛТ | |
| хуудасны тоо | xviii, 326 p. : |
| Бусад тоон мэдээлэл | ill. ; |
| Хэмжээ | 23 cm |
| 500 ## - Тайлбар | |
| Дансны дугаар | БС 3240 |
| 505 ## - Агуулгын тэмдэглэгээ | |
| Агуулгын тэмдэглэгээ | Sure, you can parler français. You can even converser en français. But can you also jacasser (chatter), radoter (ramble on), cancaner (gossip), and faire du boucan (make a racket)? Vive les verbes français! is packed with thousands of verbs and verbal phrases conveniently grouped by theme and subject. Better than a thesaurus, Vive les verbes français! is your guaranteed ticket to a richer French vocabulary! Add some vim to your verbs with Never-fail memorization techniques and charming illustrations to help you remember your new vocabulary An English-French/French-English glossary with adverbs, conjunctions, and compound prepositions An index cross-referencing the 6,000 verbs and verbal expressions |
| 546 ## - ХЭЛНИЙ ТУХАЙ МЭДЭЭ | |
| Хэл | Англи хэл дээр, |
| 653 ## - Түлхүүр үг | |
| Түлхүүр үг | French language |
| 653 ## - Түлхүүр үг | |
| Түлхүүр үг | verb |
| 740 ## - НОМЫН ГАРЧИГ | |
| Гарчиг | At Work |
| 740 ## - НОМЫН ГАРЧИГ | |
| Гарчиг | At Leisure |
| 740 ## - НОМЫН ГАРЧИГ | |
| Гарчиг | Friends and Neighbors |
| 740 ## - НОМЫН ГАРЧИГ | |
| Гарчиг | At War |
| 740 ## - НОМЫН ГАРЧИГ | |
| Гарчиг | Machines and Tools |
| 740 ## - НОМЫН ГАРЧИГ | |
| Гарчиг | Verbs in Action |
| 740 ## - НОМЫН ГАРЧИГ | |
| Гарчиг | Pile, Pack |
| 740 ## - НОМЫН ГАРЧИГ | |
| Гарчиг | On the Lookout |
| 740 ## - НОМЫН ГАРЧИГ | |
| Гарчиг | Oops! Ouch! |
| 942 ## - ЭЛЕМЕНТИЙН ТӨРӨЛ | |
| Зүйлийн төрөл | Ном |
